All islands - Statistics

General Stats
  • This quiz has been taken 5 times
  • The average score is 56 of 104
Answer Stats
Hint Answer % Correct
United States American Samoa
100%
N America Antigua and Barbuda
100%
Netherlands Aruba
100%
Asia/Europe Cyprus
100%
N. America Dominica
100%
Oceania Fiji
100%
Ecuador Galapagos Islands
100%
United States Guam
100%
Europe Ireland
100%
United Kingdom Jersey
100%
Oceania Kiribati
100%
Asia Maldives
100%
Europe Malta
100%
Oceania Marshall Islands
100%
Oceania Micronesia
100%
Oceania Palau
100%
United States Puerto RIco
100%
Oceania Samoa
100%
Africa Sao Tome and Principe
100%
Africa Seychelles
100%
Oceania Solomon Islands
100%
Asia Sri Lanka
100%
N. America St. Lucia
100%
N. America St. Vincent and the Grenadines
100%
Oceania Tuvalu
100%
Europe United Kingdom
100%
United States U.S. Virgin Islands
100%
Oceania Vanuatu
100%
N America Bahamas
67%
Asia Bahrain
67%
N America Barbados
67%
United Kingdom Bermuda
67%
Asia Bruenei
67%
Africa Cape Verde
67%
United Kingdom Cayman Islands
67%
Africa Comoros
67%
N. America Cuba
67%
N. America Dominican Republic
67%
Chile Easter Island
67%
Asia East Timor
67%
United Kingdom Falkland Islands
67%
Denmark Faroe Islands
67%
Denmark Greenland
67%
N. America Grenada
67%
United Kingdom Guernsey
67%
N. America Haiti
67%
Europe Iceland
67%
Asia Indonesia
67%
United Kingdom Isle of Man
67%
N. America Jamaica
67%
Asia Japan
67%
Africa Madagascar
67%
France Martinique
67%
Africa Mauritius
67%
Oceania Nauru
67%
Oceania New Zealand
67%
Asia Papua New Guinea
67%
Asia Philippines
67%
France Reunion
67%
Asia Singapore
67%
N. America St. Kitts and Nevis
67%
Asia Taiwan
67%
Oceania Tonga
67%
N. America Trinidad and Tobago
67%
Finland Aland Islands
33%
United Kingdom Anguilla
33%
United Kingdom British Virgin Islands
33%
Australia Christmas Island
33%
New Zealand Cook Islands
33%
Netherlands Curacao
33%
France Guadeloupe
33%
China Macau
33%
New Zealand Niue
33%
France St. Martin
33%
Norway Svalbard
33%
United Kingdom Turks and Caicos Islands
33%
India Andaman and Nicobar Islands
0%
Norway Bouvet Island
0%
United Kingdom/Mauritius British Indian Ocean Territory
0%
Netherlands Carribian Netherlands
0%
Australia Cocos Islands
0%
France French Polynesia
0%
France French Southern and Antarctic Lands
0%
Australia Heard and Mcdonald Islands
0%
Norway Jan Mayen
0%
Chile Juan Fernandez Islands
0%
India Lakshadweep
0%
France Mayotte
0%
United Kingdom Montserrat
0%
France New Caledonia
0%
Australia Norfolk Island
0%
Europe Northern Cyprus
0%
United States Northern Mariana Islands
0%
United Kingdom Pitcairn, Henderson, Ducie, and Oeno Islands
0%
Colombia San Andres and Providencia
0%
Netherlands Sint Maarten
0%
United Kingdom South Georgia and the South Sandwich Islands
0%
United Kingdom Sovereign Base Areas of Akrotiri and Dhekelia
0%
France St. Barthelemy
0%
United Kingdom St. Helena, Ascension, and Tristan da Cunha
0%
France St. Pierre and Miquelon
0%
New Zealand Tokelau
0%
United States United States Minor Outlying Islands
0%
France Wallis and Futana
0%
No matching quizzes found
Score Distribution
Percent of People with Each Score
Percentile by Number Answered
Your Score History
You have not taken this quiz